000 00443 a2200169 4500
082 _aDRM /323/ACT-b/A
100 _aActionaid
245 _aBidhyalaya Shikshaka Dash Adhikarharu : anugaman tatha srot pustika
260 _aKathmandu
_bActionaid
_cn.d
300 _a70p.
504 _aIncluded Bibliography
650 _aEducation
650 _aNon Violence Communiyy
650 _aEquality
653 _aHuaman Right
942 _2ddc
_cGEN
999 _c71745
_d71734